LEADER 01100nam0 2200325 450 001 000028329 005 20110913170954.0 010 $a978-88-386-6653-7 100 $a20110908d2010----km-y0itay50------ba 101 1 $aita$aeng 102 $aIT 105 $aa-------001yy 200 1 $aMicroeconomia$fRobert H. Frank$gedizione italiana a cura di Romano Piras 205 $a5. ed 210 $aMilano$cMcGraw-Hill$d2010 215 $aXXVII, 634, 7 p.$cill.$d26 cm. 225 2 $aCollana di istruzione scientifica$iSerie di economia 410 0$12001$aCollana di istruzione scientifica. Serie di economia$iSerie di economia 451 0$1001000008344 451 0$1001000018984 500 10$aMicroeconomics and behavior$m$924711 610 1 $aMicroeconomia 676 $a338.5$v21$9Economia generale della produzione 700 1$aFrank$bRobert H.$0103342 702 1$aPiras,$bRomano 801 0$aIT$bUNIPARTHENOPE$c20110908$gRICA$2UNIMARC 912 $a000028329 951 $a338-M/73$b43146$cNAVA1$d2011 996 $aMicroeconomics and behavior$924711 997 $aUNIPARTHENOPE LEADER 01507oam 2200433Ka 450 001 9910698898503321 005 20090504085230.0 035 $a(CKB)5470000002396876 035 $a(OCoLC)320074814 035 $a(EXLCZ)995470000002396876 100 $a20090504d1987 ua 0 101 0 $aeng 181 $ctxt$2rdacontent 182 $cc$2rdamedia 183 $acr$2rdacarrier 200 10$aAnalysis and test of superplastically formed titanium hat-stiffened panels under compression$b[electronic resource] /$fRandall C. Davis, Dick M. Royster, and Thomas T. Bales 210 1$aHampton, Va. :$cNational Aeronautics and Space Administration, Langley Research Center,$d[1987] 215 $a1 volume 225 1 $aNASA technical memorandum ;$v88989 300 $aTitle from title screen (viewed May 1, 2009) 606 $aForming techniques$2nasat 606 $aPlastic properties$2nasat 606 $aSuperplasticity$2nasat 606 $aTitanium$2nasat 615 7$aForming techniques. 615 7$aPlastic properties. 615 7$aSuperplasticity. 615 7$aTitanium. 700 $aDavis$b Randall C$01399410 701 $aRoyster$b Dick M$01399411 701 $aBales$b Thomas T$01399412 712 02$aLangley Research Center. 801 0$bGPO 801 1$bGPO 801 2$bGPO 906 $aBOOK 912 $a9910698898503321 996 $aAnalysis and test of superplastically formed titanium hat-stiffened panels under compression$93464580 997 $aUNINA